Sports Quiz

Random Sports or NBA Quiz
Score 0/254 Timer 20:00
0 Plays Today
Date Player % Correct
7/15/14 (1)Cash
99%
7/15/14 (2)Cash
99%
7/13/14 (2)Cash
99%
7/22/14Cash
99%
8/26/14 (2)Cash
99%
12/19/14Cash
99%
2/19/15 (10)2021 1st Round Pick
99%
2/19/15 (12)Cash
99%
6/25/15 (7)2021 2nd Round Pick
99%
6/25/15 (10)Cash
99%
6/25/15 (12)Cash
99%
6/30/15Cash
99%
12/10/14Yam Madar (pick)
96.9%
1/12/15Aaron Nesmith (pick)
96.9%
6/25/15 (7)Tyler Bey (pick)
96.9%
10/24/14Admiral Schofield (pick)
95.9%
10/27/14Nic Claxton (pick)
95.9%
1/5/15Carsen Edwards (pick)
95.9%
2/10/15 (1)Jaylen Nowell (pick)
95.9%
2/19/15 (8)Kyle Guy (pick)
95.9%
2/19/15 (5)Isaiah Roby (pick)
95.9%
6/25/15 (4)Cody Martin (pick)
95.9%
6/25/15 (9)Talen Horton-Tucker (pick)
95.9%
6/25/15 (6)Justin James (pick)
95.9%
2/19/15 (10)Zhaire Smith (pick)
90.8%
9/27/14Arnoldas Kulboka (pick)
83.7%
12/10/14Arnoldas Kulboka (pick)
83.7%
2/10/15 (2)Kevin Huerter (pick)
83.7%
2/19/15 (6)Mikal Bridges (pick)
83.7%
2/19/15 (5)Josh Okogie (pick)
83.7%
6/25/15 (9)Arnoldas Kulboka (pick)
83.7%
7/10/14 (2)Jonah Bolden (pick)
75.5%
9/25/14Kadeem Allen (pick)
74.5%
7/14/14 (2)Greg Smith
72.4%
8/26/14 (1)OG Anunoby (pick)
72.4%
12/18/14Demetrius Jackson (pick)
72.4%
1/5/15J.R. Smith
72.4%
1/7/15 (2)Harry Giles (pick)
72.4%
1/12/15Russ Smith
72.4%
1/15/15Jabari Bird (pick)
72.4%
2/19/15 (12)Ishmael Smith
72.4%
2/19/15 (8)Ognjen Jaramaz (pick)
72.4%
2/19/15 (5)Thomas Bryant (pick)
72.4%
6/25/15 (3)OG Anunoby (pick)
72.4%
7/10/14 (1)Jarrett Jack
66.3%
7/10/14 (1)Skal Labissiere (pick)
64.3%
2/19/15 (7)Skal Labissiere (pick)
64.3%
12/10/14Khyri Thomas (pick)
62.5%
7/12/14 (1)Isaiah Thomas
61.2%
7/22/14Malcolm Thomas
61.2%
9/25/14Malcolm Thomas
61.2%
1/5/15Lance Thomas
61.2%
2/19/15 (7)Isaiah Thomas
61.2%
2/10/15 (1)Mo Williams
60.2%
2/19/15 (10)Shawne Williams
60.2%
2/19/15 (12)Latavious Williams (rights)
60.2%
6/11/15Shawne Williams
60.2%
2/19/15 (1)Malik Beasley (pick)
59.2%
8/23/14Timothe Luwawu (pick)
58.2%
9/17/14Chinanu Onuaku (pick)
58.2%
9/25/14Abdel Nader (pick)
58.2%
12/18/14Guerschon Yabusele (pick)
58.2%
1/5/15Furkan Korkmaz (pick)
58.2%
1/7/15 (2)Furkan Korkmaz (pick)
58.2%
1/9/15Rade Zagorac (pick)
58.2%
2/19/15 (3)Furkan Korkmaz (pick)
58.2%
6/25/15 (4)Isaia Cordinier (pick)
58.2%
6/25/15 (2)Petr Cornelie (pick)
58.2%
6/25/15 (6)Tyus Jones (rights)
55.1%
2/19/15 (5)Reggie Jackson
54.1%
8/23/14Kevin Love
53.1%
1/5/15Iman Shumpert
51%
8/23/14Andrew Wiggins
50%
1/12/15Jeff Green
50%
2/19/15 (5)Enes Kanter
50%
8/23/14Thaddeus Young
49%
1/7/15 (2)Timofey Mozgov
49%
2/19/15 (4)Thaddeus Young
49%
2/19/15 (6)Brandon Knight
46.9%
2/19/15 (10)Zoran Dragic
45.9%
2/19/15 (10)Goran Dragic
45.9%
12/18/14Rajon Rondo
44.9%
6/15/15Lance Stephenson
44.9%
2/19/15 (6)Michael Carter-Williams
43.9%
10/27/14Justin Jackson (pick)
43.8%
Date Player % Correct
7/13/14 (1)Jeremy Lin
42.9%
8/23/14Anthony Bennett
41.8%
2/19/15 (1)Arron Afflalo
41.8%
6/24/15 (1)Luke Ridnour
40.8%
6/25/15 (1)Luke Ridnour
40.8%
6/25/15 (2)Luke Ridnour
40.8%
7/10/14 (1)Tyler Zeller
39.8%
1/9/15Semi Ojeleye (pick)
39.5%
2/19/15 (2)Andre Miller
38.8%
2/19/15 (4)Kevin Garnett
38.8%
1/5/15Dion Waiters
37.8%
2/19/15 (5)D.J. Augustin
36.7%
6/24/15 (2)Nicolas Batum
36.7%
6/25/15 (2)Jeremy Lamb
36.7%
12/19/14Corey Brewer
35.7%
12/18/14Jae Crowder
33.7%
1/12/15Tayshaun Prince
33.7%
2/19/15 (11)Tayshaun Prince
33.7%
2/19/15 (6)Miles Plumlee
33.7%
6/15/15Matt Barnes
33.7%
6/15/15Spencer Hawes
33.7%
6/25/15 (1)Matt Barnes
33.7%
6/25/15 (11)Mason Plumlee
33.7%
7/12/14 (2)Brendan Haywood
32.7%
7/15/14 (1)Trevor Ariza
32.7%
6/25/15 (5)Tim Hardaway
32.7%
7/15/14 (1)Omer Asik
31.6%
12/18/14Jameer Nelson
31.6%
12/18/14Brandan Wright
31.6%
1/9/15Brandan Wright
31.6%
1/13/15Jameer Nelson
31.6%
1/13/15Nate Robinson
31.6%
2/19/15 (5)Kendrick Perkins
31.6%
2/19/15 (1)Thomas Robinson
31.6%
7/10/14 (2)Steve Novak
30.6%
2/19/15 (5)Steve Novak
30.6%
7/12/14 (2)Dwight Powell (rights)
29.6%
8/26/14 (1)Jared Dudley
29.6%
9/25/14Dwight Powell
29.6%
12/18/14Dwight Powell
29.6%
2/19/15 (5)Kyle Singler
29.6%
6/25/15 (3)Norman Powell (rights)
29.6%
6/25/15 (5)Jerian Grant (rights)
29.6%
6/25/15 (4)Jerian Grant (rights)
29.6%
7/15/14 (2)Thabo Sefolosha
28.6%
1/12/15Austin Rivers
28.6%
1/15/15Austin Rivers
28.6%
2/19/15 (11)Jonas Jerebko
28.6%
6/24/15 (2)Gerald Henderson
28.6%
7/10/14 (1)Marcus Thornton
27.6%
2/19/15 (10)Norris Cole
27.6%
2/19/15 (7)Marcus Thornton
27.6%
2/19/15 (1)Will Barton
26.5%
6/11/15Ersan Ilyasova
26.5%
6/11/15Caron Butler
26.5%
2/19/15 (8)Pablo Prigioni
25.5%
2/19/15 (11)Luigi Datome
25.5%
6/25/15 (3)Greivis Vasquez
25.5%
8/23/14Alexey Shved
24.5%
12/19/14Alexey Shved
24.5%
2/19/15 (9)K.J. McDaniels
24.5%
2/19/15 (8)Alexey Shved
24.5%
2/10/15 (1)Gary Neal
23.5%
2/19/15 (3)JaVale McGee
23.5%
2/19/15 (9)Isaiah Canaan
23.5%
6/25/15 (4)Kelly Oubre (rights)
23.5%
1/12/15Quincy Pondexter
22.4%
2/10/15 (2)Adreian Payne
22.4%
2/19/15 (2)Ramon Sessions
22.4%
7/10/14 (1)Sergey Karasev
21.4%
6/25/15 (11)Steve Blake
21.4%
9/17/14Jason Terry
20.4%
12/10/14Andrei Kirilenko
20.4%
1/5/15Louis Amundson
20.4%
7/14/14 (1)Anthony Randolph
19.4%
7/15/14 (1)Alonzo Gee
19.4%
7/16/14DeJuan Blair
19.4%
8/6/14Quincy Acy
19.4%
9/17/14Alonzo Gee
19.4%
10/17/14Joel Anthony
19.4%
1/15/15Shavlik Randolph
19.4%
2/19/15 (1)Alonzo Gee
19.4%
2/19/15 (10)Danny Granger
19.4%
10/17/14Will Bynum
18.4%
2/19/15 (1)Victor Claver
18.4%
Date Player % Correct
12/19/14Troy Daniels
17.3%
2/10/15 (1)Troy Daniels
17.3%
2/19/15 (6)Tyler Ennis
17.3%
6/25/15 (8)Jon Leuer
17.3%
7/19/14Kris Humphries
16.3%
1/15/15Reggie Bullock
16.3%
1/7/15 (1)Jared Cunningham
15.3%
2/19/15 (10)Justin Hamilton
15.3%
2/19/15 (6)Kendall Marshall
15.3%
6/24/15 (2)Noah Vonleh
15.3%
8/23/14Luc Mbah a Moute
14.3%
1/5/15Alex Kirk
14.3%
2/19/15 (10)John Salmons
14.3%
7/22/14John Lucas
13.3%
9/17/14Rakeem Christmas (pick)
13.3%
9/25/14John Lucas
13.3%
12/19/14Rakeem Christmas (pick)
13.3%
12/24/14Anthony Tolliver
13.3%
6/25/15 (6)Rakeem Christmas (rights)
13.3%
7/15/14 (1)Omri Casspi
12.2%
8/26/14 (1)Carlos Delfino
12.2%
6/25/15 (11)Rondae Hollis-Jefferson (rights)
12.2%
7/14/14 (1)Jake Layman (pick)
11.6%
12/19/14Ronny Turiaf
11.2%
6/25/15 (11)Pat Connaughton (rights)
11.2%
6/25/15 (8)Andrew Harrison (rights)
11.2%
6/25/15 (6)Cedi Osman (rights)
11.2%
7/10/14 (2)Diante Garrett
10.2%
7/12/14 (2)Scotty Hopson
10.2%
7/15/14 (1)Scotty Hopson
10.2%
7/13/14 (2)Scotty Hopson
10.2%
7/22/14Carrick Felix
10.2%
8/6/14Wayne Ellington
10.2%
9/17/14Scotty Hopson
10.2%
12/10/14Brandon Davies
10.2%
12/24/14Tony Mitchell
10.2%
7/14/14 (1)Tyler Harvey (pick)
9.3%
7/13/14 (1)Larry Nance (pick)
9.2%
7/22/14Erik Murphy
9.2%
9/25/14Erik Murphy
9.2%
10/24/14Marquis Teague
9.2%
6/25/15 (7)Guillermo Hernangomez (rights)
9.2%
7/10/14 (1)Edin Bavcic (rights)
8.2%
7/10/14 (1)Ilkan Karaman (rights)
8.2%
8/26/14 (2)Hasheem Thabeet
8.2%
9/25/14Keith Bogans
8.2%
9/27/14Keith Bogans
8.2%
7/12/14 (1)Alex Oriakhi (rights)
7.1%
7/13/14 (1)Sergei Lishouk (rights)
7.1%
7/15/14 (1)Melvin Ely
7.1%
8/6/14Travis Outlaw
7.1%
8/6/14Jeremy Tyler
7.1%
8/26/14 (1)Miroslav Raduljica
7.1%
10/24/14Casper Ware
7.1%
10/27/14Travis Outlaw
7.1%
12/10/14Jorge Gutierrez
7.1%
12/19/14Sergei Lishouk (rights)
7.1%
1/7/15 (1)Sergei Lishouk (rights)
7.1%
1/15/15Chris Douglas-Roberts
7.1%
2/19/15 (3)Chukwudiebere Maduabum (rights)
7.1%
10/27/14Isaac Bonga (pick)
6.3%
7/14/14 (1)Milovan Rakovic (rights)
6.1%
1/7/15 (1)Cenk Akyol (rights)
6.1%
1/12/15Branden Dawson (pick)
6.1%
2/19/15 (5)Grant Jerrett
6.1%
2/19/15 (3)Cenk Akyol (rights)
6.1%
6/24/15 (1)Janis Timma (rights)
6.1%
6/25/15 (12)Branden Dawson (rights)
6.1%
7/10/14 (1)Christian Drejer (rights)
5.1%
7/15/14 (1)Sam Dekker (pick)
5.1%
1/7/15 (2)Sir'Dominic Pointer (pick)
5.1%
2/19/15 (9)Richaun Holmes (pick)
5.1%
6/25/15 (9)Juan Vaulet (rights)
5.1%
7/15/14 (2)Georgios Printezis (rights)
4.1%
7/15/14 (2)Sofoklis Schortsanitis (rights)
4.1%
7/16/14Emir Preldzic (rights)
4.1%
7/22/14Daniel Diez (pick)
4.1%
10/27/14Arnett Moultrie
4.1%
2/19/15 (5)Tibor Pleiss (rights)
4.1%
6/25/15 (10)Daniel Diez (rights)
4.1%
7/14/14 (2)Tadija Dragicevic (rights)
3.1%
12/19/14J.P. Tokoto (pick)
3.1%
6/30/15Luke Ridnour
3.1%
6/30/15Tomislav Zubcic (rights)
3.1%
Remove Ads.
Support Sporcle.
Get the best of Sporcle when you Go Orange. This ad-free experience offers more features, more stats, and more fun while also helping to support Sporcle. Thank you for becoming a member.

You're not logged in!

Compare scores with friends on all Sporcle quizzes.
OR
Log In

Show Comments

Extras

Created Jul 1, 2015ReportNominate
Tags:NBA Quiz, asset, date, Player, season, trade, Traded

Top Quizzes Today


Score Distribution

Your Account Isn't Verified!

In order to create a playlist on Sporcle, you need to verify the email address you used during registration. Go to your Sporcle Settings to finish the process.

Report this User

Report this user for behavior that violates our Community Guidelines.

Details: